The American revenuer special issue : Riley's fiscal philatelic literature handbook incorporating a bibliography of catalogs, monographs and pamphlets, a bibliography of revenue articles in the serials literature. (Record no. 1042)

000 -LEADER
fixed length control field 00501nam a22001217a 4500
003 - CONTROL NUMBER IDENTIFIER
control field OSt
008 - FIXED-LENGTH DATA ELEMENTS--GENERAL INFORMATION
fixed length control field 150321b xxu||||| |||| 00| 0 eng d
041 ## - LANGUAGE CODE
Language code of text/sound track or separate title eng
245 10 - TITLE STATEMENT
Title The American revenuer special issue : Riley's fiscal philatelic literature handbook incorporating a bibliography of catalogs, monographs and pamphlets, a bibliography of revenue articles in the serials literature.
260 ## - PUBLICATION, DISTRIBUTION, ETC. (IMPRINT)
Name of publisher, distributor, etc. The Journal of the American Revenue Association
300 ## - PHYSICAL DESCRIPTION
Extent 0 pages
650 #0 - SUBJECT ADDED ENTRY--TOPICAL TERM
Topical term or geographic name as entry element Revenues--Bibliographies
Holdings
Withdrawn status Lost status Source of classification or shelving scheme Damaged status Not for loan Collection code Permanent Location Current Location Date acquired Total Checkouts Full call number Barcode Date last seen Copy number Price effective from Koha item type
          Richard Drews Northern Philatelic Library Northern Philatelic Library 03/21/2015   G3701 .R451 R573 1001392 06/28/2015 1 06/28/2015 Books

Powered by Koha